Responsabilidad civil por productos defectuosos: cuestiones prácticas
Saved in:
| Hovedforfatter: | |
|---|---|
| Format: | Bog |
| Sprog: | spansk |
| Udgivet: |
Granada
Comares
2003
|
| Serier: | Colección Estudios de Derecho Privado, 35
|
| Fag: | |
| Tags: |
Tilføj Tag
Ingen Tags, Vær først til at tagge denne postø!
|
MARC
| LEADER | 00000nam a2200000 a 4500 | ||
|---|---|---|---|
| 001 | UCL9398 | ||
| 003 | CL-VaPUC | ||
| 008 | 040806e20030000SP |||||||||||||||||spa|d | ||
| 020 | |a 8484447804 | ||
| 082 | 0 | 4 | |a 346.46022 |b GUT |2 21 |
| 100 | 0 | |a Gutiérrez Santiago, Pilar |e author |9 487198 | |
| 245 | 1 | 0 | |a Responsabilidad civil por productos defectuosos: cuestiones prácticas |
| 300 | |a 494 p | ||
| 942 | |c BK | ||
| 945 | |d 20040806 00:00:00 |a cmena | ||
| 260 | |a Granada |b Comares |c 2003 | ||
| 650 | 0 | |a Derecho civil español |9 390729 | |
| 650 | 0 | |a Derecho contractual |9 373875 | |
| 650 | 0 | |a Incumplimiento de los contratos |9 385193 | |
| 650 | 0 | |a Responsabilidad contractual |9 256720 | |
| 650 | 0 | |a Obligaciones contractuales |9 386117 | |
| 650 | 7 | |a MERCADERIAS |2 CL-VaPUC |9 487199 | |
| 650 | 7 | |a RESPONSABILIDAD CIVIL |2 CL-VaPUC |9 487200 | |
| 651 | 0 | |a España |9 254926 | |
| 583 | |a last modification |c 20040806 00:00:00 |k Rodrigo Vera | ||
| 490 | 0 | |a Colección Estudios de Derecho Privado, 35 | |
| 999 | |c 310192 |d 310190 | ||
| 952 | |0 0 |1 0 |4 0 |6 346_460220000000000_GUT_2003 |7 0 |8 A |9 378446 |a BIBDER |b BIBDER |d 2019-11-21 |i 4046692 |o 346.46022 GUT 2003 |p 4046692 |r 2023-01-25 |w 2019-11-21 |y BK |k DER | ||